00705 2200253 4500001002100000005001700021008004100038020002200079035002400101082001000125090001700135100001900152245010000171260003300271300003000304500002500334500001100359650002100370850000900391985000600400999001500406999001500421999001500436YOGYA-0209000007317120090227093713.0 ind  a978-979-769-170-7 0010-020900000073171 a632.3 a632.3bSus P aSUSANTO, Lukas aPengantar pengendalian hayati penyakit tanamanbSuplemen ke gulma dan namatodacLoekas Soesanto aJakartabRajawali Persc2008 axxix,571 hlmbilusc21 cm aBibliografi: hlm 544 aIndeks aPenyakit tanaman aBPAD a3 a08B0044560 a08B0044561 a08B0044562